00277nam a2200109Ia 4500008004100000041000800041082001600049100002300065245003500088260002500123300001900148241028s9999 xx 000 0 und d aeng a006.312 KRI aKrippendorff Klaus aReliability Of Generating Data bRoutledgeaUSAc2022 a315;. P. 24 cm